| 000 | 00550nam a2200193Ia 4500 | ||
|---|---|---|---|
| 005 | 20250508170332.0 | ||
| 008 | 008 250505s9999 xx 000 0 eng d | ||
| 037 | _aTextual | ||
| 040 |
_aFEDL _beng _cFEDL |
||
| 041 |
_aeng _2eng |
||
| 084 |
_a101, KRI _qFEDL |
||
| 100 | _aKrishnamurti J | ||
| 245 | 0 | _aJ. krishnamurti: Washington D. C. talks 1985 | |
| 260 |
_aChennai, India _bKrishnamurti Foundation _c1988 |
||
| 300 | _a54p. | ||
| 546 | _aAcc. No. 89115 is photocopy | ||
| 942 |
_cTEXL _h101, KRI |
||
| 999 |
_c1400487 _d1400487 |
||